| 000 | 00756nam a2200181Ia 4500 | ||
|---|---|---|---|
| 008 | 100921s9999 xx 000 0 und d | ||
| 082 |
_b34822 _a550 न 00 |
||
| 100 | _aपवार किशोर. | ||
| 245 | _aआपली सृष्टी आपले धन. | ||
| 260 |
_bएस्र.के.प्रकाशन,पुणे. _c2000 |
||
| 300 |
_a44 _bमयुरेष बुक एजन्सी,कराड |
||
| 365 | _b25 | ||
| 520 | _aविज्ञान-भौमिक शास्त्रे. | ||
| 630 | _aआपली सृष्टी आपले धन. | ||
| 650 | _aविज्ञान-भौमिक शास्त्रे. | ||
| 730 | _aआपली सृष्टी आपले धन. | ||
| 942 | _cBOOK | ||
| 999 |
_c783935 _d783932 |
||